| 000 | 01246cab a2200241 4500 | ||
|---|---|---|---|
| 001 | ABS54959 | ||
| 008 | 090401t1996 xxu||||| |||| 00| 0 eng d | ||
| 035 | _a(Sirsi) u13369 | ||
| 041 | _aeng | ||
| 245 | _aHereford and Worcester CC v Sylvia Marion Pick | ||
| 260 | _c1996 | ||
| 350 | _a0 | ||
| 490 |
_aProperty and Compensation Reports _v[1996] 71 P&CR 231-241(6) |
||
| 520 | _aQBD 12 July 1995. A right of way through a hedge, passing between two housing estates, was developed in 1984 as an emergency road link with a a barrier to prevent motorcyclists and cyclists riding through without dismounting. A locked gate was later added. The appellants were convicted by the Justices of wilfully obstructing free passage, the appellants appealed. The appeal was allowed. It was held that the passage was not a public highway for all purposes and that any interference caused by the gate with the right of way was minimal and was not therefore an unlawful obstruction. | ||
| 650 | _aEMERGENCY ROADS | ||
| 650 | _aGATED ROADS | ||
| 650 | _aHEREFORD AND WORCESTER CC V SYLVIA MARION PICK | ||
| 650 | _aRIGHT OF WAY | ||
| 650 | _aUNLAWFUL OBSTRUCTION | ||
| 690 | _aHIGHWAYS AND RIGHTS OF WAY-CASE LAW | ||
| 942 | _n0 | ||
| 948 | _c04/03/1997 | ||
| 999 |
_c8619 _d8619 |
||